Statistics for Europe Country Connect: Closest non neighbour with Map

Click here to take the quiz!

General Stats

  • This quiz has been taken 161 times
  • The average score is 38 of 45

Answers on the Map

Answers color-coded by a green-red scale on the quiz's map according to % correct below.
Loading ...
 

Answer Stats

D (Km)Country% Correct
Vatican City
99%
220San Marino
97%
143Croatia
96%
57France
96%
224Luxembourg
96%
64Netherlands
96%
79Belgium
95%
13Italy
95%
4Monaco
95%
235Switzerland
95%
37United Kingdom
95%
354Austria
94%
76Hungary
94%
145Poland
94%
67Czech Republic
93%
200Slovenia
92%
47Bosnia and
Herzegovina
90%
77Albania
89%
114Greece
88%
113Kosovo
88%
38Serbia
88%
56Bulgaria
87%
151Ukraine
84%
158Estonia
83%
223Lithuania
83%
60Finland
82%
221Latvia
82%
7Denmark
80%
116Norway
80%
145Sweden
80%
334Germany
79%
28Liechtenstein
79%
561Slovakia
79%
73Romania
78%
79Montenegro
76%
173North
Macedonia
76%
686Moldova
75%
2459Russia
75%
868Ireland
71%
1670Spain
71%
641Malta
70%
1290Andorra
67%
2386Iceland
67%
964Portugal
67%
216Belarus
66%

Score Distribution

Percentile by Number Answered

Percent of People with Each Score

Your Score History

You have not taken this quiz